Statistics for DC Actors by Picture!

Click here to take the quiz!

General Stats

  • This quiz has been taken 133 times
  • The average score is 10 of 14

Answer Stats

Answer% Correct
Dwayne Johnson
97%
Robert Pattinson
93%
George Clooney
92%
Ryan Reynolds
91%
Nicholas Cage
90%
Ben Afflek
84%
Anne Hathaway
79%
Tom Hardy
79%
Amy Adams
63%
Christopher Reeve
57%
Lynda Carter
50%
Marlon Brando
43%
Alicia Silverstone
38%
Dean Cain
36%

Score Distribution

Percentile by Number Answered

Percent of People with Each Score

Your Score History

You have not taken this quiz